[Event "12th Open"]
[Site "Dubai UAE"]
[Date "2010.04.07"]
[Round "3"]
[White "Arizmendi Martinez,J"]
[Black "Safarli,E"]
[Result "1/2-1/2"]
[WhiteElo "2531"]
[BlackElo "2606"]

1.d4 Nf6 2.c4 g6 3.Nc3 d5 4.cxd5 Nxd5 5.e4 Nxc3 6.bxc3 Bg7 7.Bc4 c5 8.Ne2 Nc6
9.Be3 O-O 10.O-O Na5 11.Bd3 b6 12.Rc1 e5 13.dxc5 Be6 14.c4 bxc5 15.Bxc5 Bh6
16.Rc3 Re8 17.Be3 Bxe3 18.fxe3 Rb8 19.c5 Qc7 20.Qa4 Red8 21.Nc1 Rb2 22.c6 Rd6
23.Nb3 Rxc6 24.Rxc6 Nxc6 25.Qa3 Rxb3 26.axb3 Qb6 27.Kh1 Qxe3 28.Qd6 Qd2 29.h3 h5
30.Qxc6 Qxd3 31.Rf3 Qd1+ 32.Kh2 Qd4  1/2-1/2

[Event "Bundesliga 2009-10"]
[Site "Bremen GER"]
[Date "2010.04.10"]
[Round "14"]
[White "Ragger,M"]
[Black "Areshchenko,A"]
[Result "1/2-1/2"]
[WhiteElo "2561"]
[BlackElo "2667"]

1.d4 Nf6 2.c4 g6 3.Nc3 d5 4.cxd5 Nxd5 5.e4 Nxc3 6.bxc3 Bg7 7.Nf3 c5 8.Bb5+ Bd7
9.Bxd7+ Nxd7 10.O-O O-O 11.Rb1 Qc7 12.e5 Nb6 13.Qb3 Rfd8 14.dxc5 Qxc5 15.Be3 Qd5
16.Bxb6 Qxb3 17.Rxb3 axb6 18.Rxb6 Rd7 19.Rfb1 Rxa2 20.h3 Ra5 21.e6 fxe6 22.Rxb7 Rxb7
23.Rxb7 Bxc3 24.Rxe7 Ra6 25.g4 Bf6 26.Rd7 Ra5 27.Nd2 Ra4 28.f3 Ra1+ 29.Kg2 Ra2
30.Kf1 Ra1+ 31.Kg2 Ra2 32.Kf1 Ra1+ 33.Ke2 Ra2 34.Kf1  1/2-1/2

[Event "XXVIII Open A"]
[Site "Metz FRA"]
[Date "2010.04.11"]
[Round "3"]
[White "Abbasov,F"]
[Black "Marzolo,C"]
[Result "1-0"]
[WhiteElo "2549"]
[BlackElo "2470"]

1.d4 Nf6 2.c4 g6 3.Nc3 d5 4.cxd5 Nxd5 5.e4 Nxc3 6.bxc3 Bg7 7.Bc4 c5 8.Ne2 Nc6
9.Be3 cxd4 10.cxd4 Qa5+ 11.Bd2 Qh5 12.d5 Ne5 13.Bb5+ Bd7 14.Bxd7+ Nxd7 15.Rb1 O-O
16.O-O b6 17.Bb4 Rfe8 18.Rc1 Qe5 19.Qd3 Rac8 20.Ba3 Nc5 21.Bxc5 bxc5 22.f4 Qc7
23.e5 c4 24.Qe4 f6 25.Nd4  1-0

[Event "XXVIII Open A"]
[Site "Metz FRA"]
[Date "2010.04.13"]
[Round "5"]
[White "Zubarev,Al1"]
[Black "Drenchev,P"]
[Result "1/2-1/2"]
[WhiteElo "2536"]
[BlackElo "2486"]

1.c4 Nf6 2.d4 g6 3.Nc3 d5 4.cxd5 Nxd5 5.e4 Nxc3 6.bxc3 Bg7 7.Be3 c5 8.Nf3 Qa5
9.Qd2 O-O 10.Rc1 cxd4 11.cxd4 Qxd2+ 12.Kxd2 Rd8 13.Bb5 Nc6 14.Bxc6 bxc6 15.Rc5 f5
16.Rhc1 fxe4 17.Ne5 Bd7 18.R1c4 Be8 19.Nxc6 Bxc6 20.Rxc6 e5 21.d5 Rxd5+ 22.Kc2 a5
23.a4 Bf8 24.Rxe4 Rb8 25.Rec4 Rb4 26.Bd2 Rxc4+ 27.Rxc4 Bc5 28.f3 Bb6 29.Rc6 Bd8
30.Be3 Kf7 31.Ra6 h5 32.h3 Rd7 33.g4 hxg4 34.hxg4 Rd5 35.Rc6 Rd7 36.Rc4 Ke6
37.Rc6+ Rd6 38.Rc8 Rd7 39.Bd2 Rc7+ 40.Rxc7 Bxc7 41.Kd3  1/2-1/2

[Event "Bicentenario"]
[Site "Lanus ARG"]
[Date "2010.04.18"]
[Round "8"]
[White "Barrionuevo,P"]
[Black "Pierrot,Fac"]
[Result "0-1"]
[WhiteElo "2327"]
[BlackElo "2415"]

1.d4 Nf6 2.c4 g6 3.Nc3 d5 4.cxd5 Nxd5 5.e4 Nxc3 6.bxc3 Bg7 7.Bc4 c5 8.Ne2 O-O
9.Be3 Nc6 10.O-O Bg4 11.f3 Na5 12.Bd3 cxd4 13.cxd4 Be6 14.d5 Bxa1 15.Qxa1 f6
16.Bh6 Bf7 17.Qd4 Re8 18.Bb5 e5 19.Qf2 Re7 20.f4 Qb6 21.Qxb6 axb6 22.fxe5 Rxe5
23.Ng3 f5 24.Bf4 Rxe4 25.Nxe4 fxe4 26.Rd1 Rd8 27.d6 Nc6 28.Bg5 Rd7 29.a4 Bb3
30.Rd2 Kf7 31.g3 Ke6 32.Bf1 Ke5 33.Bf4+ Kf6 34.h4 Ne5 35.Bb5 Nc6 36.Kf2 Be6
37.Be3 Ke5 38.Bf4+ Kf6 39.Ke3 Bf5 40.g4 Bxg4 41.Kxe4 Bf5+ 42.Kf3 Be6 43.Kg3 Bb3
44.Rd3 Bc2 45.Re3 h6 46.Kg2 g5 47.hxg5+ hxg5 48.Bg3 Bf5 49.Re8 Be6 50.Rc8 Rd8
51.Rxd8 Nxd8 52.Kg1 Nc6 53.Kf1 Bd5 54.Ke1 Ke6 55.Bf1 Kd7 56.Kd2 Nd4 57.Bd3 Bc6
58.Ke3 Ne6 59.Bf5 Bxa4 60.Kf3 b5 61.Bh3 Bd1+ 62.Ke3 g4 63.Bf1 Kc6 64.Bd3 Nc5
65.Bg6 b4 66.Kd4 b3 67.Be8+ Nd7 68.Kc3 b5 69.Kb2 b4 70.Bf7 Nc5 71.Kc1 Bf3
72.Be8+ Nd7 73.Kb2 Bd5 74.Be1 Kxd6 75.Bxb4+ Ke6 76.Be1 Nc5 77.Bg6 Kf6 78.Bh7 Kg5
79.Bf2 Na4+ 80.Ka3 Nc3 81.Be1 Ne2 82.Bd3 Nd4 83.Bf2 Nf5 84.Bb5 Kf4 85.Be2 g3
86.Bg1 g2 87.Bd1 Ne3 88.Bh2+ Ke4 89.Bh5 Kd3 90.Bg1 Nc2+ 91.Kb2 Nd4 92.Bg6+ Be4
93.Bf7 Nf3 94.Bf2 Ke2 95.Ba7 Ne5 96.Kxb3 Nxf7  0-1

[Event "6th TCh-CHN"]
[Site "Ningbo CHN"]
[Date "2010.04.18"]
[Round "3"]
[White "Li Xueyi"]
[Black "Zhang Jilin"]
[Result "0-1"]
[WhiteElo "1957"]
[BlackElo "2281"]

1.d4 Nf6 2.c4 g6 3.Nc3 d5 4.cxd5 Nxd5 5.e4 Nxc3 6.bxc3 Bg7 7.Bc4 c5 8.Ne2 O-O
9.O-O Nc6 10.Be3 Qc7 11.Rc1 Bd7 12.Qd2 Na5 13.Bd3 Rfd8 14.Bh6 Bh8 15.Bf4 Qc8
16.c4 Nc6 17.d5 Ne5 18.Bxe5 Bxe5 19.f4 Bg7 20.e5 a6 21.Nc3 b5 22.Kh1 Rb8
23.Qe2 bxc4 24.Bxc4 Bb5 25.Rb1 Bxc4 26.Qd2 Rxb1 27.Rxb1 g5 28.Rf1  0-1

[Event "Open"]
[Site "Bar MNE"]
[Date "2010.04.19"]
[Round "4"]
[White "Abramovic,B"]
[Black "Dabetic,R"]
[Result "1-0"]
[WhiteElo "2486"]
[BlackElo "2305"]

1.d4 Nf6 2.c4 g6 3.Nc3 d5 4.cxd5 Nxd5 5.e4 Nxc3 6.bxc3 Bg7 7.Bb5+ c6 8.Ba4 O-O
9.Ne2 c5 10.O-O Qc7 11.Bf4 e5 12.dxe5 Bxe5 13.Qd2 Bd7 14.Bxd7 Nxd7 15.Bxe5 Nxe5
16.Nf4 Ng4 17.f3 Rad8 18.Qe1 Nf6 19.Qe3 b6 20.h4 Rfe8 21.Rad1 Qe5 22.c4 Rd4
23.Rxd4 cxd4 24.Qd2 Rc8 25.Rc1 d3 26.Qe3 d2 27.Qxd2 Qc5+ 28.Qf2 b5 29.Nd3 Qd6
30.cxb5 Rxc1+ 31.Nxc1 Qd1+ 32.Qf1 Qd4+ 33.Kh2 Nh5 34.Nd3 Qc4 35.Qb1 Qc7+
36.e5 Qc4 37.g3 Qc3 38.Qd1 Qd4 39.Qe2 h6 40.e6 fxe6 41.Qxe6+ Kh7 42.Qe7+ Ng7
43.Qe4 Qa1 44.Nf4 Qxa2+ 45.Kh3 Qf7 46.g4 Qe8 47.Qd3 Qf7 48.Kg3 Ne6 49.Nxe6 Qxe6
50.h5 Qe1+ 51.Kg2 Kh8 52.Qd4+ Kg8 53.Qd8+ Kg7 54.Qc7+ Kg8 55.Qb8+  1-0

[Event "Open"]
[Site "Bar MNE"]
[Date "2010.04.19"]
[Round "4"]
[White "Lekic,D"]
[Black "Djukic,Ni"]
[Result "1/2-1/2"]
[WhiteElo "2396"]
[BlackElo "2509"]

1.d4 Nf6 2.c4 g6 3.Nc3 d5 4.cxd5 Nxd5 5.e4 Nxc3 6.bxc3 Bg7 7.Nf3 c5 8.Rb1 O-O
9.Be2 cxd4 10.cxd4 Qa5+ 11.Bd2 Qxa2 12.O-O Bg4 13.Bg5 h6 14.Be3 Nc6 15.d5 Bxf3
16.gxf3 Nd4 17.Bd3 a5 18.f4 a4 19.Kh1 Qa3 20.e5 Nb3 21.Rg1 Qb4 22.Qg4 Kh8
23.Rg3 a3 24.Bxg6 fxg6 25.Qxg6 Rf7 26.Rxb3 Qxb3 27.Qxf7 Rg8 28.Kg2 a2 29.Kh3 Qd3
30.Bd4 Qxd4 31.Rxg7 Qd3+ 32.Rg3 Qxg3+ 33.fxg3 a1=Q 34.Qxe7 Qf1+ 35.Kh4 Qf2
36.Qf6+ Kh7 37.Qf5+ Kh8 38.Qf6+ Kh7 39.Qf7+ Kh8  1/2-1/2

[Event "Open"]
[Site "Bar MNE"]
[Date "2010.04.21"]
[Round "6"]
[White "Abramovic,B"]
[Black "Stanojevic,B"]
[Result "1-0"]
[WhiteElo "2486"]
[BlackElo "2288"]

1.d4 Nf6 2.c4 g6 3.Nc3 d5 4.cxd5 Nxd5 5.e4 Nxc3 6.bxc3 Bg7 7.Bb5+ c6 8.Ba4 O-O
9.Ne2 b6 10.O-O Ba6 11.Re1 c5 12.Be3 Qc7 13.Rc1 Rd8 14.Nf4 e6 15.Qg4 Nd7
16.e5 Rac8 17.h4 Bb7 18.h5 a6 19.h6 Bf8 20.Nxe6 fxe6 21.Qxe6+ Kh8 22.Bg5 b5
23.Bb3 c4 24.Bc2 Qc6 25.Qxc6 Bxc6 26.e6 Re8 27.exd7 Bxd7 28.Be4 Be7 29.Bxe7 Rxe7
30.Bb7 Rce8 31.Rxe7 Rxe7 32.Bxa6 Re6 33.Bb7 g5 34.f3 Rb6 35.Be4 Rxh6 36.a3 Ra6
37.Ra1 Kg7 38.Kf2 h5 39.Ke3 Kf6 40.d5 Ke5 41.g3 Rf6 42.Rh1 Be8 43.Rf1 Ra6
44.Ra1 Rf6 45.Rd1 Bd7 46.Rh1 Be8 47.Rg1 Bd7 48.f4+ gxf4+ 49.gxf4+ Kd6 50.Rg5 Be8
51.Rg8 Bd7 52.Rh8 Bg4 53.Kd4 Bd7 54.Rxh5 Rxf4 55.Rh6+ Kc7 56.d6+ Kb6 57.Ke5 Rf7
58.Rh7 Rxh7 59.Bxh7 Ka5 60.Bf5 Bc6 61.d7 Bxd7 62.Bxd7 Ka4 63.Kd4  1-0

[Event "ch-SRB"]
[Site "Kragujevac SRB"]
[Date "2010.04.21"]
[Round "4"]
[White "Krstic,P"]
[Black "Sedlak,N"]
[Result "1/2-1/2"]
[WhiteElo "2348"]
[BlackElo "2570"]

1.d4 Nf6 2.c4 g6 3.Nc3 d5 4.cxd5 Nxd5 5.e4 Nxc3 6.bxc3 Bg7 7.Bc4 c5 8.Ne2 O-O
9.O-O Nc6 10.Be3 Qc7 11.Qc1 Na5 12.Bd3 Rd8 13.Rd1 e5 14.dxc5 Be6 15.c4 Bxc4
16.Qc2 Bxd3 17.Rxd3 Rxd3 18.Qxd3 Rd8 19.Qb5 a6 20.Qa4 Nc6 21.Rc1 Nd4 22.Kf1 Qe7
23.f3 Qh4 24.Rd1 Qxh2 25.Nxd4 exd4 26.Bxd4 Qh1+ 27.Kf2 Qh4+ 28.Kf1 Bh6 29.Bg1 Bf4
30.Rxd8+ Qxd8 31.Bd4 h5 32.Ke2 Bh6 33.Bc3 Qg5 34.Qd4 Qxg2+ 35.Ke1 Qg3+ 36.Ke2 Qg2+
37.Ke1 Qg3+  1/2-1/2

[Event "Open"]
[Site "Bar MNE"]
[Date "2010.04.22"]
[Round "7"]
[White "Potpara,N"]
[Black "Vujacic,Bo"]
[Result "1-0"]
[WhiteElo "1974"]
[BlackElo "2318"]

1.d4 Nf6 2.c4 g6 3.Nc3 d5 4.cxd5 Nxd5 5.e4 Nxc3 6.bxc3 Bg7 7.Be3 O-O 8.Rc1 c5
9.Nf3 Qa5 10.Qd2 cxd4 11.cxd4 Qxd2+ 12.Nxd2 b6 13.Rc7 e6 14.Nb3 Ba6 15.Kd2 Rc8
16.Rxc8+ Bxc8 17.Bb5 Bb7 18.Rc1 Na6 19.Rc4 f5 20.f3 fxe4 21.fxe4 Rc8 22.Bd7 Rd8
23.Bxe6+ Kf8 24.d5 Be5 25.Bh6+ Ke8 26.Rc1 Nc7 27.Bg4 Nxd5 28.exd5 Rxd5+ 29.Kc2 Bxh2
30.Re1+ Re5 31.Rxe5+ Bxe5 32.Bf3 Bxf3 33.gxf3 Kd7 34.Kd3 Kc6 35.Ke4 Bf6 36.Nd2 b5
37.Nb3 Bc3 38.Be3 a5 39.Kd3 Bb4 40.Nd4+ Kb6 41.Ne6+ Kc6 42.Nd4+ Kb6 43.Bg5 Bd6
44.Bd8+ Ka6 45.Nc6 a4 46.Kc3 Kb7 47.Nb4 Be5+ 48.Kd3 Bd6 49.Kc3 Be5+ 50.Kd3 Bd6
51.Nd5 Kc6 52.Nf6 h5 53.Ne4 Bf8 54.Bf6 b4 55.Kc4 b3 56.axb3 axb3 57.Kxb3 Kd5
58.Kc3 Ke6 59.Bg5 Kf5 60.Kd3 Ba3 61.Ke2 Bb4 62.Kf2 Ba3 63.Kg3 Bb4 64.Bd8 Ba3
65.Bg5 Bf8 66.Kh4 Bb4 67.Ng3+ Ke6 68.Bd8 Be1 69.Bc7 Kf6 70.Bf4 Ke6 71.Kg5 Kf7
72.Ne4 Bb4 73.Nd6+ Ke6 74.Kxg6 h4 75.Kh5 h3 76.Kg4 Bc3 77.Kxh3 Bd4 78.Kg4 Bb2
79.Ne4 Bd4 80.Bd2 Be5 81.Bc3 Bb8 82.Ng5+ Ke7 83.Kf5 Bd6 84.Bf6+ Kd7 85.Nf7 Ba3
86.Kg6 Bc1 87.Bg5  1-0

[Event "9th Open"]
[Site "Malakoff FRA"]
[Date "2010.04.22"]
[Round "7"]
[White "Fayard,A"]
[Black "Mekhitarian,K"]
[Result "0-1"]
[WhiteElo "2222"]
[BlackElo "2490"]

1.d4 Nf6 2.c4 g6 3.Nc3 d5 4.cxd5 Nxd5 5.e4 Nxc3 6.bxc3 Bg7 7.Nf3 c5 8.Be3 Qa5
9.Qd2 O-O 10.Rb1 b6 11.Bd3 Rd8 12.e5 Nc6 13.Be4 Bb7 14.O-O cxd4 15.cxd4 Qxd2
16.Nxd2 Rab8 17.Rfc1 Nxd4 18.Rc7 Bxe4 19.Nxe4 Nf5 20.e6 a5 21.exf7+ Kxf7
22.g4 Nxe3 23.fxe3 Rd5 24.Rf1+ Ke8 25.Kg2 b5 26.Rfc1 Rb6 27.Rc8+ Rd8 28.R8c7 Be5
29.Ra7 a4 30.Rc5 Bd6 31.Nxd6+ Rdxd6 32.Rcc7 Rd2+ 33.Kf3 Rf6+ 34.Kg3 Re6 35.Kf4 Rf2+
36.Kg5 Rxh2 37.Rc8+ Kf7 38.Raa8 Rf6 39.Rf8+ Ke6 40.Ra6+ Ke5 41.Raxf6 exf6+
42.Rxf6 Rxa2 43.Rf7 b4 44.Rxh7 b3 45.Rb7 b2  0-1

[Event "Open"]
[Site "Bar MNE"]
[Date "2010.04.23"]
[Round "8"]
[White "Abramovic,B"]
[Black "Djukic,Ni"]
[Result "1/2-1/2"]
[WhiteElo "2486"]
[BlackElo "2509"]

1.d4 Nf6 2.c4 g6 3.Nc3 d5 4.cxd5 Nxd5 5.e4 Nxc3 6.bxc3 Bg7 7.Bb5+ c6 8.Ba4 O-O
9.Ne2 c5 10.O-O Nc6 11.Be3 Na5 12.Qc1 cxd4 13.cxd4 b6 14.Bb5 Bb7 15.f3 Rc8
16.Qa3 a6 17.Bd3 Nc4 18.Bxc4 Rxc4 19.Rac1 Rxc1 20.Rxc1 Qd7 21.d5 b5 22.Bd4 Bh6
23.Be3 Bg7 24.Bd4 Bh6 25.Be3  1/2-1/2

[Event "TCh-ISR"]
[Site "Israel ISR"]
[Date "2010.04.23"]
[Round "7"]
[White "Komarov,Di"]
[Black "Sutovsky,E"]
[Result "0-1"]
[WhiteElo "2523"]
[BlackElo "2657"]

1.d4 Nf6 2.c4 g6 3.Nc3 d5 4.cxd5 Nxd5 5.e4 Nxc3 6.bxc3 Bg7 7.Nf3 c5 8.Bb5+ Nc6
9.O-O O-O 10.Be3 Qa5 11.Qa4 Qxa4 12.Bxa4 cxd4 13.cxd4 f5 14.exf5 Bxf5 15.Rac1 Be6
16.Bxc6 bxc6 17.Rc2 Bd5 18.Ne5 Bxe5 19.dxe5 Rfb8 20.f3 Kf7 21.Kf2 Rb5 22.Rfc1 Ke6
23.Bc5 a6 24.h4 Rab8 25.Ke3 R8b7 26.Kf4 h6 27.a3 a5 28.Bd4 a4 29.Rc5 Rb3
30.R1c3 Rb2 31.Rc2 R2b3 32.R2c3 Rb2 33.Rc2 Rxc2 34.Rxc2 Rb3 35.Bc5 Rd3 36.Bb4 Rd4+
37.Kg3 Rxb4 38.axb4 Kxe5 39.Kf2 Kd4 40.Rd2+ Kc4 41.Ke2 a3 42.Kd1 Kc3 43.Rc2+ Kb3
44.Rc1 a2 45.Kd2 e5 46.Rc3+ Kb2 47.Rc2+ Kb3 48.Rc3+ Kxb4 49.Rc1 Kb3 50.Rc3+ Kb2
51.Rc2+ Ka3 52.Rc1 e4 53.Kc2 exf3 54.gxf3 Bxf3 55.Re1 Be4+  0-1

[Event "Open"]
[Site "Bar MNE"]
[Date "2010.04.24"]
[Round "9"]
[White "Draganic,V"]
[Black "Rasovic,U"]
[Result "0-1"]
[WhiteElo "2268"]
[BlackElo "1918"]

1.d4 Nf6 2.c4 g6 3.Nc3 d5 4.cxd5 Nxd5 5.e4 Nxc3 6.bxc3 Bg7 7.Be3 c5 8.Rc1 Qa5
9.Qd2 O-O 10.d5 f5 11.Bg5 fxe4 12.Bxe7 Re8 13.Bg5 Nd7 14.c4 Qa3 15.Ne2 Ne5
16.Ng3 b5 17.cxb5 c4 18.Bxc4 Nxc4 19.Rxc4 Bd7 20.Be3 Bxb5 21.Rc7 Rac8 22.Rxg7+ Kxg7
23.Bd4+ Kg8 24.Bb2 Qd3 25.Qh6  0-1

[Event "9th Asian Continental"]
[Site "Olongapo City PHI"]
[Date "2010.04.24"]
[Round "4"]
[White "Dimakiling,O"]
[Black "Laylo,D"]
[Result "0-1"]
[WhiteElo "2441"]
[BlackElo "2527"]

1.c4 Nf6 2.Nc3 d5 3.cxd5 Nxd5 4.d4 Nxc3 5.bxc3 g6 6.e4 Bg7 7.Bc4 c5 8.Ne2 Nc6
9.Be3 O-O 10.O-O Bd7 11.e5 Rc8 12.Rc1 a6 13.Qd2 b5 14.Bd3 Qa5 15.f4 cxd4
16.Nxd4 Nxd4 17.Bxd4 e6 18.Qf2 Qc7 19.c4 bxc4 20.Bxc4 Qxc4 21.Rxc4 Rxc4 22.h3 Rfc8
23.Rd1 Bf8 24.Kh2 Rc2 25.Rd2 Rxd2 26.Qxd2 Bc6 27.h4 h5 28.Qc2 Bb7 29.Qe2 Bd5
30.Qxa6 Rc2 31.Qf1 Rxa2 32.Bf2 Rc2 33.Qe1 Ba3 34.Kg3 Bc1 35.Qa5 Bxf4+ 36.Kxf4 Rxf2+
37.Ke3 Rf5 38.Kd4 Bxg2 39.Qd2 Bf3 40.Qh6 Bg4 41.Qe3 Kg7 42.Qc1 Bf3 43.Qe3 g5
44.hxg5 Kg6 45.Kc5 h4 46.Kd6 h3 47.Qg1 Bg2 48.Qh2 Rf3 49.Ke7 Kxg5 50.Kf8 Kg4
51.Kg7 Rf1  0-1

[Event "7th Balagne Open"]
[Site "Calvi FRA"]
[Date "2010.04.29"]
[Round "7"]
[White "Battaglini,G"]
[Black "Gertosio,F"]
[Result "1-0"]
[WhiteElo "2417"]
[BlackElo "2068"]

1.d4 Nf6 2.c4 g6 3.Nc3 d5 4.cxd5 Nxd5 5.e4 Nxc3 6.bxc3 Bg7 7.Bc4 c5 8.Ne2 O-O
9.h4 Qc7 10.Bb3 Nc6 11.Be3 Rd8 12.Rc1 h5 13.Kf1 b6 14.Nf4 e6 15.g4 hxg4 16.h5 g5
17.h6 gxf4 18.Qxg4 f5 19.exf5 fxe3 20.f6 Qf7 21.hxg7 Qxf6 22.Rh8+ Kf7 23.g8=Q+ Rxg8
24.Qxg8+ Ke7 25.Rh7+  1-0

[Event "TOP 16 GpA"]
[Site "Marseille FRA"]
[Date "2010.04.30"]
[Round "5"]
[White "Komarov,Di"]
[Black "Feller,S"]
[Result "1/2-1/2"]
[WhiteElo "2523"]
[BlackElo "2576"]

1.d4 Nf6 2.c4 g6 3.Nc3 d5 4.cxd5 Nxd5 5.e4 Nxc3 6.bxc3 Bg7 7.Nf3 c5 8.Bb5+ Nc6
9.O-O cxd4 10.cxd4 O-O 11.Be3 Bg4 12.Bxc6 bxc6 13.Rc1 Qa5 14.Qd2 Qxd2 15.Nxd2 Rfd8
16.Nb3 a5 17.f3 Be6 18.Nc5 Bxa2 19.Rf2 Be6 20.Nxe6 fxe6 21.e5 Ra6 22.Ra2 Kf7
23.Ra4 Ke8 24.f4 Rd5 25.Kf2  1/2-1/2

[Event "42nd TCh-ITA Masters"]
[Site "Arvier ITA"]
[Date "2010.05.01"]
[Round "5"]
[White "Dvirnyy,D"]
[Black "Marin,Mi"]
[Result "1/2-1/2"]
[WhiteElo "2450"]
[BlackElo "2607"]

1.d4 Nf6 2.c4 g6 3.Nc3 d5 4.cxd5 Nxd5 5.e4 Nxc3 6.bxc3 Bg7 7.Bc4 O-O 8.Ne2 Nc6
9.Be3 e5 10.d5 Na5 11.Bd3 b6 12.O-O f5 13.f3 fxe4 14.fxe4 Rxf1+ 15.Qxf1 c5
16.c4 Bd7 17.Nc3 Qe7 18.Qe2 Rf8 19.Qd2 Bc8 20.Nb5 Ba6 21.d6 Qd7 22.Bxc5 bxc5
23.Qxa5 Bxb5 24.cxb5 Qxd6 25.Bc4+ Kh8 26.Bd5 Qf6 27.Qd2 Bh6 28.Qe2 Qf4 29.a4  1/2-1/2

[Event "ch-CZE"]
[Site "Ostrava CZE"]
[Date "2010.05.01"]
[Round "1"]
[White "Vokac,M"]
[Black "Sikora,J"]
[Result "1-0"]
[WhiteElo "2454"]
[BlackElo "2238"]

1.d4 Nf6 2.c4 g6 3.Nc3 d5 4.cxd5 Nxd5 5.e4 Nxc3 6.bxc3 Bg7 7.Bc4 c5 8.Ne2 O-O
9.O-O Nc6 10.Be3 Bd7 11.Rb1 a6 12.dxc5 Qc7 13.Nd4 Na5 14.Be2 Rfd8 15.Qc2 Rab8
16.h3 e5 17.Nb3 Be6 18.Nxa5 Qxa5 19.Rb4 Bf8 20.Rfb1 Qxa2 21.Qxa2 Bxa2 22.R1b2 Be6
23.Bxa6 Rbc8 24.Bxb7 Rc7 25.Rb5 Bd7 26.Rb6 Bxc5 27.Bxc5 Rxc5 28.Rd2 Rc7 29.Bd5 Rdc8
30.c4 Kf8 31.h4 Ke7 32.f3 Be8 33.Rdb2 Bd7 34.Kf2 Ra7 35.Rb7 Rxb7 36.Rxb7 f6
37.Ke3 Rc5 38.Kd3 Kd6 39.Ra7 Rc8 40.Kc3 f5 41.f4 exf4 42.e5+  1-0

[Event "TOP 16 GpA"]
[Site "France FRA"]
[Date "2010.05.02"]
[Round "7"]
[White "Colin,V"]
[Black "Feller,S"]
[Result "1/2-1/2"]
[WhiteElo "2445"]
[BlackElo "2576"]

1.d4 Nf6 2.c4 g6 3.Nc3 d5 4.cxd5 Nxd5 5.e4 Nxc3 6.bxc3 Bg7 7.Bc4 c5 8.Ne2 Nc6
9.Be3 O-O 10.O-O Qc7 11.Rb1 Rd8 12.Bf4 Be5 13.Bg3 Bxg3 14.fxg3 e6 15.Qc1 Na5
16.Bd3 cxd4 17.cxd4 Qxc1 18.Rbxc1 Nc6 19.Rc4 Bd7 20.Rb1 Be8 21.Kf2 Rd6 22.Ke3 Rad8
23.Rxb7 Na5 24.Rxa7 Nxc4+ 25.Bxc4 Rc8 26.Bd3 Rb6 27.Ra5 Rcb8 28.Kd2 Bb5 29.Bxb5 Rxb5
30.Rxb5 Rxb5 31.Kc3 Kf8 32.a4 Rb8 33.Kc4 Rc8+ 34.Kb4 Rb8+ 35.Kc4 Rc8+ 36.Kb4 Rb8+  1/2-1/2

[Event "TOP 16 GpA"]
[Site "France FRA"]
[Date "2010.05.02"]
[Round "7"]
[White "Touzane,O"]
[Black "Gozzoli,Y"]
[Result "1/2-1/2"]
[WhiteElo "2287"]
[BlackElo "2515"]

1.d4 Nf6 2.c4 g6 3.Nc3 d5 4.cxd5 Nxd5 5.e4 Nxc3 6.bxc3 Bg7 7.Nf3 c5 8.Rb1 O-O
9.Be2 Nc6 10.d5 Ne5 11.Nxe5 Bxe5 12.Qd2 e6 13.f4 Bc7 14.O-O exd5 15.exd5 Ba5
16.d6 Rb8 17.Ba3 Bf5 18.Rbd1 b6 19.Qc1 Qf6 20.Bb2 Rbd8 21.c4 Qe6 22.Bf3 Rxd6
23.Bd5 Qe7 24.Rfe1 Bxe1 25.Rxe1 Re6 26.Bxe6 fxe6 27.Qc3 Kf7 28.Rd1 e5 29.fxe5 Be6
30.h3 Kg7 31.Qg3  1/2-1/2

[Event "ch-UKR"]
[Site "Alushta UKR"]
[Date "2010.05.03"]
[Round "1"]
[White "Rybakov,S UKR"]
[Black "Polyakov,M"]
[Result "1-0"]
[WhiteElo "2034"]
[BlackElo "2349"]

1.d4 Nf6 2.c4 g6 3.Nc3 d5 4.cxd5 Nxd5 5.e4 Nxc3 6.bxc3 Bg7 7.Bc4 c5 8.Ne2 O-O
9.Be3 Nc6 10.Rc1 cxd4 11.cxd4 Qa5+ 12.Kf1 Bd7 13.h4 Rfc8 14.h5 Nd8 15.hxg6 hxg6
16.Kg1 Ne6 17.e5 Rxc4 18.Rxc4 Qxa2 19.Rc1 Bc6 20.Nc3 Qa5 21.Qg4 Rd8 22.Qh4 f6
23.Rh3 fxe5 24.d5 Rxd5 25.Qxe7 Nf8 26.Nxd5 Qxd5 27.Rf3 a5 28.Bc5 Nd7 29.Qd8+ Kh7
30.Rh3+ Bh6 31.Qg5 Nxc5 32.Rxh6+ Kg8 33.Qxg6+ Kf8 34.Qf6+ Ke8 35.Rh8+  1-0

[Event "ch-UKR"]
[Site "Alushta UKR"]
[Date "2010.05.05"]
[Round "3"]
[White "Gorbatenko,K"]
[Black "Dhillon,J"]
[Result "0-1"]
[WhiteElo "2092"]
[BlackElo "1948"]

1.d4 Nf6 2.c4 g6 3.Nc3 d5 4.cxd5 Nxd5 5.e4 Nxc3 6.bxc3 Bg7 7.Bc4 c5 8.Ne2 O-O
9.O-O Nc6 10.Be3 Qc7 11.Rc1 Rd8 12.Bf4 Be5 13.Bg3 Bxg3 14.Nxg3 Qf4 15.Bd5 Bd7
16.Ne2 Qd6 17.f4 Bg4 18.f5 e6 19.Bxc6 bxc6 20.h3 Bxe2 21.Qxe2 cxd4 22.fxg6 hxg6
23.Qf2 Rd7 24.cxd4 Qxd4 25.Qxd4 Rxd4 26.Rxc6 Rad8 27.Rc7 R8d7 28.Rxd7 Rxd7
29.Rf2 Rd1+ 30.Rf1 Rd4 31.Re1 Rd2 32.a3 Rd3 33.Kf2 Rxa3 34.Rb1 Kg7 35.Rb7 g5
36.Rc7 a5 37.Ra7 a4 38.Ra5 Kf6 39.Ra7 Ra1 40.Kg3 a3 41.Ra5 Kg6 42.Kg4 f6
43.Ra6 a2 44.Kg3 Kf7 45.Ra7+ Kg6 46.Ra6 Re1 47.Rxa2 Rxe4 48.Kf3 Rb4 49.Re2 e5
50.Re3 Rf4+ 51.Ke2 Kf5 52.g3 Re4 53.Kf3 Rxe3+ 54.Kxe3 Ke6 55.g4 Kd5 56.Kd3 e4+  0-1

[Event "ch-CZE"]
[Site "Ostrava CZE"]
[Date "2010.05.05"]
[Round "5"]
[White "Haba,Z"]
[Black "Kocur,W"]
[Result "1-0"]
[WhiteElo "2233"]
[BlackElo "2139"]

1.d4 Nf6 2.c4 g6 3.Nc3 d5 4.cxd5 Nxd5 5.e4 Nxc3 6.bxc3 Bg7 7.Nf3 O-O 8.Rb1 c5
9.Be2 Qa5 10.Rb5 Qxa2 11.Rxc5 Nd7 12.Rb5 Nb6 13.O-O Bd7 14.Rb4 Rac8 15.Bd2 Qe6
16.Qb1 h6 17.Rc1 f5 18.e5 Bc6 19.c4 Be4 20.Qa2 Qd7 21.Qxa7 Na8 22.d5 Bxf3
23.Bxf3 Bxe5 24.Rxb7 Nc7 25.Bxh6 Rf6 26.Bg5 Rf7 27.Qe3 Qd6 28.Rb6 Bxh2+ 29.Kh1 Qe5
30.Rxg6+ Rg7 31.Rxg7+ Kxg7 32.Qxe5+ Bxe5 33.Bxe7 Rh8+ 34.Kg1  1-0

[Event "ch-CZE"]
[Site "Ostrava CZE"]
[Date "2010.05.06"]
[Round "6"]
[White "Polak,T"]
[Black "Bernasek,J"]
[Result "1/2-1/2"]
[WhiteElo "2525"]
[BlackElo "2495"]

1.d4 Nf6 2.c4 g6 3.Nc3 d5 4.cxd5 Nxd5 5.e4 Nxc3 6.bxc3 Bg7 7.Nf3 c5 8.Rb1 O-O
9.Be2 cxd4 10.cxd4 Qa5+ 11.Bd2 Qxa2 12.O-O Bg4 13.Rxb7 Bxf3 14.Bxf3 Bxd4
15.Bb4 Nc6 16.Bxe7 Qa6 17.Rd7 Nxe7 18.Qxd4 Nc6 19.Qf6 Qb5 20.Rd5 Qc4 21.h4 Rfe8
22.h5 Re6 23.Qa1 Qb4 24.Rc1 Rae8 25.Rcc5 f6 26.Rc1 gxh5 27.Bxh5 Qxe4 28.Rdd1 Rd8
29.Rxd8+ Nxd8 30.Bf3 Qe5 31.Qxa7 Nf7 32.g3 Re7 33.Qa8+ Re8 34.Qa2 Kg7 35.Bd5 Ng5
36.Bg2 Nf7 37.Qa4 Rb8 38.Qa7 Qd6 39.Kh2 Qb6 40.Qxb6 Rxb6 41.Rc7 f5 42.Bd5 Rf6
43.Kg2 Kg6 44.Kf3 Ng5+ 45.Ke3 Ra6 46.Rc3 Rd6 47.Bb3 Ne4 48.Rc2  1/2-1/2

[Event "ch-CZE"]
[Site "Ostrava CZE"]
[Date "2010.05.07"]
[Round "7"]
[White "Haba,Z"]
[Black "Seidl,S"]
[Result "1-0"]
[WhiteElo "2233"]
[BlackElo "2052"]

1.d4 Nf6 2.c4 g6 3.Nc3 d5 4.cxd5 Nxd5 5.e4 Nxc3 6.bxc3 Bg7 7.Nf3 O-O 8.Be3 b6
9.h4 Qd7 10.h5 Qc6 11.hxg6 hxg6 12.Qd2 Rd8 13.Rh4 Ba6 14.Bxa6 Nxa6 15.Rc1 Nc5
16.d5 Qe8 17.Bd4 Qf8 18.Ke2 f6 19.c4 e5 20.Be3 c6 21.Rch1 cxd5 22.cxd5 Rac8
23.g3 Rc7 24.Kf1 g5 25.Bxg5 fxg5 26.Qxg5 Kf7 27.Nxe5+ Ke8 28.Qg6+ Rf7 29.Nxf7 Qxf7
30.Rh8+ Ke7 31.Qxf7+  1-0

[Event "ch-CZE"]
[Site "Ostrava CZE"]
[Date "2010.05.07"]
[Round "7"]
[White "Kozak,Mi"]
[Black "Skliba,M"]
[Result "1/2-1/2"]
[WhiteElo "2184"]
[BlackElo "2309"]

1.d4 Nf6 2.c4 g6 3.Nc3 d5 4.cxd5 Nxd5 5.e4 Nxc3 6.bxc3 Bg7 7.Nf3 c5 8.Rb1 O-O
9.Be2 b6 10.O-O Bb7 11.d5 Nd7 12.c4  1/2-1/2

[Event "ch-CZE"]
[Site "Ostrava CZE"]
[Date "2010.05.08"]
[Round "8"]
[White "Bures,M"]
[Black "Kocur,W"]
[Result "1-0"]
[WhiteElo "2131"]
[BlackElo "2139"]

1.d4 Nf6 2.c4 g6 3.Nc3 d5 4.cxd5 Nxd5 5.e4 Nxc3 6.bxc3 Bg7 7.Bc4 c5 8.Ne2 O-O
9.O-O Nc6 10.Be3 Qc7 11.Rc1 Rd8 12.Qa4 Bd7 13.Qa3 Na5 14.Bd5 Rdc8 15.Rb1 cxd4
16.cxd4 Nc6 17.Bf4 e5 18.dxe5 Bxe5 19.Bxe5 Qxe5 20.Rxb7 Rc7 21.f4  1-0

[Event "TCh-UKR Clubs"]
[Site "Alushta UKR"]
[Date "2010.05.14"]
[Round "2"]
[White "Olifir,M"]
[Black "Palkovich,D"]
[Result "1/2-1/2"]
[WhiteElo "1898"]
[BlackElo "2235"]

1.d4 Nf6 2.c4 g6 3.Nc3 d5 4.cxd5 Nxd5 5.e4 Nxc3 6.bxc3 Bg7 7.Bc4 c5 8.Ne2 O-O
9.O-O Nc6 10.Be3 Qc7 11.Rc1 Na5 12.Bd3 e6 13.f4 f5 14.e5 c4 15.Bc2 Rd8 16.Qe1 Nc6
17.Bd1 Ne7 18.Ng3 Nd5 19.Bf3 b5 20.Rf2 Bb7 21.Nf1 Ne7 22.Bd2 Bxf3 23.Rxf3 Nd5
24.Ne3 Qc6 25.Nxd5 Qxd5 26.h4 h5 27.a3 Kf7 28.Rb1 Bf8 29.Qc1 Be7 30.Be1 Rdb8
31.Qb2 Rb6 32.Qa1 Ra6 33.Rb4 Bxb4 34.cxb4 Rc8 35.Bc3 Rcc6 36.Rf2 Ra4 37.Ra2 Rca6
38.Qb2 Qe4 39.Qc1 Qd3 40.Kf2 Qe4 41.Re2 Qd5 42.Ra2 Rb6 43.Qd2 Rb7 44.Ra1 Rd7
45.Qe3 Ra6 46.Ra2 Qa8 47.Ra1 Qd8 48.g3 Rd5 49.Ra2 Rc6 50.Ra1 Qb6 51.Qd2 Qa6
52.Qc2 Rc7 53.Ke3 Qc6 54.Rd1 Rd8 55.Rb1 Qd5 56.Rd1 Rc6 57.Rb1 Ra6 58.Ra1 Ra4
59.Qb2 Rc8 60.Kf2 Rc6 61.Kg1 Qf3 62.Kh2 Rca6 63.Ra2 g5 64.fxg5 f4 65.gxf4 Qxf4+
66.Kg1 Qxh4 67.Qc1 Kg6 68.Qf1 Qg4+ 69.Rg2 Qf5 70.Rf2 Qg4+ 71.Rg2  1/2-1/2

[Event "TCh-UKR Clubs"]
[Site "Alushta UKR"]
[Date "2010.05.14"]
[Round "3"]
[White "Kolesov,E"]
[Black "Shmat,S"]
[Result "0-1"]
[WhiteElo "1989"]
[BlackElo "2097"]

1.d4 Nf6 2.c4 g6 3.Nc3 d5 4.cxd5 Nxd5 5.e4 Nxc3 6.bxc3 Bg7 7.Bc4 c5 8.Ne2 Nc6
9.Be3 O-O 10.O-O Bg4 11.f3 cxd4 12.cxd4 Na5 13.Bd3 Be6 14.Qd2 Nc4 15.Bxc4 Bxc4
16.Rfe1 Qd7 17.Rac1 b5 18.Nc3 Rfd8 19.Red1 a6 20.Nb1 Qd6 21.a4 Bb3 22.axb5 Bxd1
23.Rxd1 axb5 24.Nc3 e6 25.Nxb5 Qc6 26.Nc3 Qc4 27.Qd3 Qxd3 28.Rxd3 Ra3 29.Kf1 Rc8
30.Bd2 Rc4 31.Ke2 Rxd4 32.Rxd4 Bxd4 33.Nb5 Ra4 34.Nxd4 Rxd4 35.Bc3 Ra4 36.g4 Ra2+
37.Bd2 f6 38.h4 Kf7 39.Kd3 Ra1 40.Ke2 e5 41.Be3 Ra2+ 42.Bd2 Ke6 43.Kd3 Ra1
44.Ke2 Ra3 45.Be1 Rb3 46.Bd2 Kd6 47.Ba5 Rb2+ 48.Bd2 Kc5 49.Kd3 Rb3+ 50.Ke2 Kd4
51.Bc1 h5 52.gxh5 gxh5 53.Bh6 Rb2+ 54.Kf1 Rh2 55.Kg1 Rxh4 56.Kg2 Rf4 57.Kg3 h4+
58.Kf2 h3 59.Kg3 Rh4  0-1